000 00882nam a22002177a 4500
005 20240530110509.0
008 151026s2011 ua a f 000 0 ara d
017 _a2011/5981
_bمصر . دار الكتب المصرية
040 _aEG-CaGPL
082 0 4 _221
_a962.081
_bق/أ أ
100 0 _aالسيد ابو داود .
245 1 2 _aالامة فى مواجهة الاستبعاد :
_bخبرات ثورة 25 يناير 2011 م /
_cالسيد ابو داود .
250 _aط1.
260 _aالقاهرة :
_bمكتبة جزيرة الورد ،
_c2011 .
300 _a432 ص ؛
_c24 سم .
650 0 4 _aثورة 25 يناير .
650 0 4 _aالتغير الاجتماعى
_yقبل ثورة 25 يناير .
_zمصر
651 0 4 _aمصر
_xالاحوال السياسية
_yثورة 25 يناير .
942 _2ddc
_cBK
999 _c61627
_d61627